Desarrollo e implementación de un software para recolección de datos, seguimiento, control e implementación de estrategias de atencion integral a infantes y madres gestantes, (modulo de medicina, instrumentacion quirúrgica, Enfermeria y areas contables) / (Registro nro. 4792)
[ vista simple ]
| 000 -LEADER | |
|---|---|
| fixed length control field | 03164nam a2200265 4500 |
| 001 - CONTROL NUMBER | |
| control field | 0000008497 |
| 005 - DATE AND TIME OF LATEST TRANSACTION | |
| control field | 20250329165448.0 |
| 008 - FIXED-LENGTH DATA ELEMENTS--GENERAL INFORMATION | |
| fixed length control field | 180125s2017 000 0 eng d |
| 040 ## - CATALOGING SOURCE | |
| Original cataloging agency | CO-CtgCURN |
| Language of cataloging | spa |
| Transcribing agency | coctgcurn |
| 082 0# - DEWEY DECIMAL CLASSIFICATION NUMBER | |
| Classification number | INS 2017 |
| Item number | O747 |
| 100 1# - MAIN ENTRY--PERSONAL NAME | |
| Personal name | Orozco Carrasquilla, Jorge. |
| 245 10 - TITLE STATEMENT | |
| Title | Desarrollo e implementación de un software para recolección de datos, seguimiento, control e implementación de estrategias de atencion integral a infantes y madres gestantes, (modulo de medicina, instrumentacion quirúrgica, Enfermeria y areas contables) / |
| Statement of responsibility, etc. | Jorge Orozco Carrasquilla; Javier Eduardo Cantillo Barrios; Geider Manuel Vásquez Valiente; Directores del proyecto: María Claudia Bonfante; Clemencia Zapata Lesmes. |
| 260 ## - PUBLICATION, DISTRIBUTION, ETC. | |
| Place of publication, distribution, etc. | Cartagena de Indias : |
| Name of publisher, distributor, etc. | Corporación Universitaria Rafael Nuñez, |
| Date of publication, distribution, etc. | 2017. |
| 300 ## - PHYSICAL DESCRIPTION | |
| Extent | 93 p. : |
| Other physical details | il., tabs. |
| 502 ## - DISSERTATION NOTE | |
| Dissertation note | Trabajo de Grado. (Ingeniero de Sistemas). Corporación Universitaria Rafael Nuñez . Facultad de Ingenieria . Programa de Ingenieria de Sistemas, 2017. |
| 520 ## - SUMMARY, ETC. | |
| Summary, etc. | La globalizacion ha generado en las ultimas d cadas cambios sustanciales en torno a la modernizacion del modelo de Estado, las transformaciones en los modelos de desarrollo economico, el rol de la mujer en la sociedad, el reconocimiento y el respeto de los derechos humanos, con repercusiones directas en la estructura familiar y en la distribucion de roles en t rminos del trabajo productivo y reproductivo (Sommerville, 2005). Estas nuevas realidades sociales, de la mano con las innovaciones en materia de formulacion de políticas publicas en el pais, han permitido visibilizar los problemas que enfrenta la primera infancia, posicionando el tema en la agenda publica y planteando un reto para no solo para la familia, si no para el Estado y la sociedad la sociedad civil, que se articulan para brindar protección integral y garantizar los derechos de los niños y las niñas (Narv ez, 2013). Una acción coordinada por diferentes programas acad micos permitir diagnosticar las condiciones de una poblacion que sufre los problemas mencionados anteriormente, para de manera articulada, generar condiciones m s propicias para reducir las inequidades en la garantia de los derechos, para lograr, adem s de la supervivencia, el desarrollo, la protección integral, la educación inicial y la participacion de todos los niños y niñas menores de seis años. Para esta coordinacion cabe la necesidad de almacenar toda la información que se generar por cada programa acad mico. |
| 650 #0 - SUBJECT ADDED ENTRY--TOPICAL TERM | |
| Topical term or geographic name entry element | Ingenieria de Sistemas |
| Form subdivision | Tesis y Disertaciones Academicas. |
| 700 1# - ADDED ENTRY--PERSONAL NAME | |
| Personal name | Cantillo Barrios, Javier Eduardo. |
| 700 1# - ADDED ENTRY--PERSONAL NAME | |
| Personal name | Vásquez Valiente, Geider Manuel. |
| 700 1# - ADDED ENTRY--PERSONAL NAME | |
| Personal name | Bonfante, María Claudia, |
| Titles and other words associated with a name | Directora. |
| 700 1# - ADDED ENTRY--PERSONAL NAME | |
| Personal name | Zapata Lesmes, Clemencia, |
| Titles and other words associated with a name | Directora. |
| 856 7# - ELECTRONIC LOCATION AND ACCESS | |
| Uniform Resource Identifier | <a href="https://unicurn.sharepoint.com/:b:/s/biblioteca/ESegaUk84oROtanbni8nX3oBi9Zz6h2AcMcuVmne_Vgacw?e=ylzqGb">https://unicurn.sharepoint.com/:b:/s/biblioteca/ESegaUk84oROtanbni8nX3oBi9Zz6h2AcMcuVmne_Vgacw?e=ylzqGb</a> |
| Public note | Click aqui para ver el recurso en texto completo |
| 942 ## - ADDED ENTRY ELEMENTS (KOHA) | |
| Source of classification or shelving scheme | Dewey Decimal Classification |
| Koha item type | Trabajos de grado |
| Classification part | INS 2017 |
| Item part | O747 |
| Withdrawn status | Lost status | Damaged status | Not for loan | Collection | Home library | Current library | Shelving location | Date acquired | Cost, normal purchase price | Inventory number | Total checkouts | Full call number | Barcode | Date last seen | Price effective from | Koha item type |
|---|---|---|---|---|---|---|---|---|---|---|---|---|---|---|---|---|
| Trabajos de grado | Miguel Henríquez Castañeda | Miguel Henríquez Castañeda | Trabajo de grado | 09/23/2018 | 35000.00 | 021973 | INS 2017 O747 | 021973 | 03/29/2025 | 03/29/2025 | Trabajos de grado |